| 000 | 01351cad a22002655a 4500 | ||
|---|---|---|---|
| 001 | L149643 | ||
| 008 | 100330e20100317xxk f lf000 0 eng d | ||
| 035 | _a(Sirsi) u149643 | ||
| 041 | 0 | _aeng | |
| 050 | 0 | 4 | _a306.1 $2 18 |
| 110 | 2 |
_aUnited Kingdom _kLaws, etc. _95044 |
|
| 245 | 0 | 4 |
_aThe Right to manage (Prescribed Particulars and Forms) (England) Regulations 2010 _h(electronic resource) |
| 260 |
_aLondon _bOPSI _c2010 |
||
| 490 | 0 |
_aSI _v2010: 825 |
|
| 520 | _aPrescribes the forms of Notice Inviting Participation and a Notice of Claim which Right to Manage (RTM) companies must serve. Supplements Commonhold and Leasehold Reform Act 2002 Part 2 Chapter 1 relating to the procedure for setting up RTM companies. Revokes Right to Management (Prescribed Particulars and Forms) (England) Regulations 2003. Comes into force on 19 April 2010. | ||
| 521 | _aAdvanced | ||
| 590 | _aKA NTK | ||
| 650 | 2 | 4 | _aRIGHT TO MANAGE (PRESCRIBED PARTICULARS AND FORMS) (ENGLAND) REGULATIONS 2010 |
| 650 | 2 | 4 | _aRIGHT TO MANAGE (PRESCRIBED PARTICULARS AND FORMS) (ENGLAND) REGULATIONS 2003 |
| 650 | 2 | 4 | _aCOMMONHOLD AND LEASEHOLD REFORM ACT 2002 |
| 651 | 4 |
_aEngland and Wales _y1543- |
|
| 690 |
_aBlock management _96220 |
||
| 856 | 4 | 0 |
_uhttps://www.opsi.gov.uk/si/si2010/uksi_20100825_en_1 _zView the item free of charge at www.opsi.gov.uk |
| 942 | _n0 | ||
| 999 |
_c110572 _d110572 |
||